Por qué vivimos en las afueras de la ciudad /
Guardado en:
| Autor Principal: | |
|---|---|
| Otros Autores: | |
| Formato: | Libro |
| Publicado: |
Buenos Aires ; El llibro de Arena,
2013
|
| Materias: | |
| Etiquetas: |
Agregar Etiqueta
Sin Etiquetas, Sea el primero en etiquetar este registro!
|
| LEADER | 00893nam a22002535a 4500 | ||
|---|---|---|---|
| 001 | CEM.cems015033 | ||
| 005 | 20190923154711.0 | ||
| 008 | 130507s2013##################000#0#####d | ||
| 003 | CEMS | ||
| 020 | |a 9789872901011 | ||
| 082 | 0 | 4 | |a 833.31 |
| 100 | 1 | |a Stamm, Peter | |
| 245 | 1 | 0 | |a Por qué vivimos en las afueras de la ciudad / |c Peter Stamm ; ilustrado Por Jutta Bauer |
| 260 | |a Buenos Aires ; El llibro de Arena, |c 2013 | ||
| 300 | |a 40 p. | ||
| 653 | |a Literatura | ||
| 653 | |a Literatura infantil | ||
| 653 | |a Literatura suiza | ||
| 653 | |a Cuentos infantiles | ||
| 653 | |a Colección ciencias de la educación | ||
| 700 | 1 | |a Bauer, Jutta; il. | |
| 859 | |a CEMS |b BIB. CEMS - Ccias. Educacion |h 833.31 |i St231 |k CE |p 27943.19 |t Ej.1 | ||
| 859 | |a CEMS |b BIB. CEMS - Ccias. Educacion |h 833.31 |i St231 |k CE |p 28448.19 |t Ej.2 | ||
| 859 | |a CEMS |b BIB. CEMS - Ccias. Educacion |h 833.31 |i St231 |k CE |p 28771.19 |t Ej.3 | ||
